| 000 | 00383nam a2200133Ia 4500 | ||
|---|---|---|---|
| 008 | 220217s9999||||xx |||||||||||||| ||und|| | ||
| 020 | _a81-7808-056-7 | ||
| 082 | _a005.71 KAL | ||
| 100 |
_aKalakota, Ravi Robinson, Marcia _93529 |
||
| 245 | 0 | _aE- business: roadmap for success | |
| 260 |
_aAddison Wesley _bHarlow _c2000 |
||
| 300 | _b295 | ||
| 650 |
_aDATA COMMUNICATION _91124 |
||
| 999 |
_c172121 _d172121 |
||